Shadow (Record no. 542555)
[ view plain ]
| 000 -LEADER | |
|---|---|
| fixed length control field | 00540nam a2200169Ia 4500 |
| 020 ## - INTERNATIONAL STANDARD BOOK NUMBER | |
| International Standard Book Number | 0684852624(hb) |
| 082 ## - DEWEY DECIMAL CLASSIFICATION NUMBER | |
| Classification number | 324.22 |
| Author Mark | WOO |
| -- | N-01, P-42 |
| 100 ## - MAIN ENTRY--PERSONAL NAME | |
| Personal name | Woodward, Bob |
| 9 (RLIN) | 37767 |
| 245 ## - TITLE STATEMENT | |
| Title | Shadow |
| Remainder of title | five presidents and the legacy of water gate |
| 260 ## - PUBLICATION, DISTRIBUTION, ETC. | |
| Place of publication, distribution, etc. | New York |
| Name of publisher, distributor, etc. | Simon and Schuster |
| Date of publication, distribution, etc. | 1999 |
| 300 ## - PHYSICAL DESCRIPTION | |
| Extent | 592p :ill. |
| 526 ## - STUDY PROGRAM INFORMATION NOTE | |
| Program name | 0 |
| Interest level | 0 |
| Reading level | 0 |
| Title point value | 324_220000000000000_WOO |
| 650 ## - SUBJECT ADDED ENTRY--TOPICAL TERM | |
| Topical term or geographic name entry element | NUST |
| 9 (RLIN) | 6342 |
| 650 ## - SUBJECT ADDED ENTRY--TOPICAL TERM | |
| Topical term or geographic name entry element | Presidents -- United States |
| 9 (RLIN) | 37768 |
| 650 ## - SUBJECT ADDED ENTRY--TOPICAL TERM | |
| Topical term or geographic name entry element | United States -- Politics and Government -- 1969-2000 |
| 9 (RLIN) | 37769 |
| 942 ## - ADDED ENTRY ELEMENTS (KOHA) | |
| Source of classification or shelving scheme | |
| Koha item type | Book |
| Withdrawn status | Lost status | Source of classification or shelving scheme | Damaged status | Not for loan | Permanent Location | Current Location | Date acquired | Total Checkouts | Full call number | Barcode | Date last seen | Price effective from | Koha item type |
|---|---|---|---|---|---|---|---|---|---|---|---|---|---|
| Military College of Engineering (MCE) | Military College of Engineering (MCE) | 02/03/2014 | 324.22 WOO | MCE-44404 | 02/03/2014 | 02/03/2014 | Book |
